Kyle MacLachlan Filmography - Statistics

General Stats
  • This quiz has been taken 20 times
    7 since last reset
  • The average score is 20 of 108
Answer Stats
Type Year Name % Correct
Film 1984 Dune
100%
Film 1986 Blue Velvet
86%
TV Show 1990-1991, 2017 Twin Peaks
86%
Film 1992 Twin Peaks: Fire Walk with Me
71%
TV Show 2006-2012 Desperate Housewives
57%
Film 1995 Showgirls
57%
Web Series 2024 Fallout
43%
Film 2000 Hamlet
43%
TV Show 1990 Saturday Night Live
43%
TV Show 2018 American Dad!
29%
Film 2024 Blink Twice
29%
TV Show 2010-2014 How I Met Your Mother
29%
Film 2015 Inside Out
29%
Film 2024 Inside Out 2
29%
TV Show 2004, 2011 Law & Order: Special Victims Unit
29%
TV Show 2023 Lucky Hank
29%
Web Series 2025 Overcompensating
29%
TV Show 2000-2002 Sex and the City
29%
TV Pilot 2011 The Doctor
29%
Film 1994 The Flintstones
29%
TV Show 2025 The Lowdown
29%
Film 1993 The Trial
29%
TV Film 1994 Against the Wall
14%
Documentary Series 1990 American Experience
14%
TV Show 2020 Atlantic Crossing
14%
TV Show 2014 Believe
14%
Film 2013 Breathe In
14%
Film 2020 Capone
14%
TV Show 2019-2020 Carol's Second Act
14%
Film 2022 Confess, Fletch
14%
Film 1990 Don't Tell Her It's Me
14%
TV Film 1989 Dream Breakers
14%
Web Mini-Series 2024 Dream Productions
14%
Film 2025 Echo Valley
14%
Film 2008 Free Jimmy
14%
Web Series 2023, 2024 Futurama
14%
Commercial 1991 Georgia Coffee
14%
TV Mini-Series 1993 Georgia Coffee: Twin Peaks
14%
Film 2018 Giant Little Ones
14%
Video Game 2001 Grand Theft Auto III
14%
TV Show 2016 Gravity Falls
14%
Film 2019 High Flying Bird
14%
Web Series 2022 How I Met Your Father
14%
TV Show 2006 In Justice
14%
TV Pilot 2002 Jo
14%
Web Mini-Series 2022 Joe vs. Carole
14%
Film 2008 Justice League: The New Frontier
14%
Film 1996 Mad Dog Time
14%
TV Show 2012 Made in Jersey
14%
Film 2009 Mao's Last Dancer
14%
TV Show 2014-2015 Marvel's Agents of S.H.I.E.L.D.
14%
Film 2001 Me Without You
14%
Film 2002 Miranda
14%
Film 2023 Miranda's Victim
14%
TV Film 1996 Moonshine Highway
14%
TV Film 2005 Mysterious Island
14%
Film 2003 Northfork
14%
Theater 2002 On an Average Day
14%
Film 1997 One Night Stand
14%
Film 2011 Peace, Love & Misunderstanding
14%
Film 2001 Perfume
14%
TV Show 2011-2018 Portlandia
14%
TV Show 2025 Primos
14%
Film 1992 Rich in Love
14%
Short Film 2015 Riley's First Date?
14%
TV Film 1994 Roswell
14%
TV Film 1998 Route 9
14%
TV Show 1991 Tales from the Crypt
14%
Theater 1983 Tartuffe
14%
Film 2020 Tesla
14%
Theater 2003-2004 The Caretaker
14%
TV Film 1995 The Conversation
14%
Film 1991 The Doors
14%
TV Show 2013-2014 The Good Wife
14%
Film 1987 The Hidden
14%
Film 2018 The House with a Clock in Its Walls
14%
TV Pilot 1998 The Invisible Man
14%
TV Film 2004 The Librarian: Quest for the Spear
14%
Theater 1988 The Palace of Amateurs
14%
Film 2008 The Sisterhood of the Traveling Pants 2
14%
Film 2009 The Smell of Success
14%
TV Film 2000 The Spring
14%
Short Film 2019 The Staggering Girl
14%
Film 1996 The Trigger Effect
14%
TV Film 1998 Thunder Point
14%
Film 2000 Timecode
14%
Film 2004 Touch of Pink
14%
Podcast 2024 Varnamtown
14%
Film 1992 Where the Day Takes You
14%
TV Film 1997 Windsor Protocol
14%
Film 2000 XChange
14%
Film TBA You Deserve Each Other
14%
Film TBA Altar
0%
TV Show 2018 Bottle Service
0%
TV Show 2025 Celebrity IOU
0%
Web Series 2018 CollegeHumor Originals
0%
TV Documentary 2025 David Lynch, une énigme à Hollywood
0%
TV Show 2020 Expedition Unknown
0%
Documentary Series 2018 Explained
0%
Documentary 2025 I Know Catherine, the Log Lady
0%
Short Film 2018 Kyle MacLachlan's Stolen Thumb
0%
TV Special 2007 Lost: Survivor Guide
0%
TV Special 2007 Lost: The Answers
0%
Short Film 2012 Muppets vs. Goldman Sachs
0%
Commercial 1991 Ruffles
0%
Short Documentary 2023 Svensken bakom Hollywoodkroppen
0%
Commercial 1996 Vodafone Mobile Telephones
0%
TV Show 2023-2025 Young Jedi Adventures
0%
No matching quizzes found
Score Distribution
Percent of People with Each Score
Percentile by Number Answered
Your Score History
You have not taken this quiz since the last reset